| 000 | 00493cam a2200181 a 4500 | ||
|---|---|---|---|
| 001 | sa 68009815 | ||
| 003 | DLC | ||
| 005 | 20260227112547.0 | ||
| 008 | 971212s1968 ii 000 0 beno | ||
| 010 | _asa 68009815 | ||
| 040 |
_aDLC _cDLC _dDLC |
||
| 050 | 0 | 0 |
_aPK1718.D37 _bS4 |
| 100 | 1 | _aDatta, Sunil. | |
| 245 | 1 | 0 |
_aŚekala chen̐ṛāra gāna / _cSunil Datta. |
| 260 |
_aKalikātā : _bJātīẏa Sāhitya Parishada, _c1375 [1968] |
||
| 300 |
_a76 p. ; _c19 cm. |
||
| 546 | _aIn Bengali. | ||
| 999 |
_c83161 _d83161 |
||